| 000 | 00415nam a22001457a 4500 | ||
|---|---|---|---|
| 999 |
_c2640 _d2640 |
||
| 008 | 200312b ||||| |||| 00| 0 eng d | ||
| 020 | _a9788173197819 | ||
| 100 |
_92232 _aLinz, Peter |
||
| 245 | 1 | 0 |
_aAn Introduction to formal languages and automaton _cby Peter Linz |
| 250 | _a4th ed. | ||
| 260 |
_aNew Delhi: _bNarosha Publishing House, _c2009. |
||
| 300 | _axiii,415p. | ||
| 650 | 0 | _aComputer Science | |
| 942 | _cBK | ||